000 00738nam a22001575i 4500
001 171187
003 ES-MaACL
005 20230912063111.0
008 090504s1873 sp |||| | spa d
100 1 _aCampoamor, Ramón de,
_d1817-1901
_934232
245 1 0 _aCuerdos y locos
_b: comedia en tres actos /
_cpor Ramón de Campoamor.
260 _aMadrid :
_bLibrería de la Viuda é Hijos de Cuesta,
_c1873 (
_fImp. de Rivadeneyra)
300 _a100 p. ;
_c18 cm.
852 _aES-MaACL
_jF-8589(6)
_z.- Enc. pasta epañola
_q- Falto de la cub. original
_z- Enc. en un vol. facticio formando parte de la col. facticia "Teatro español moderno", vol. 42
_z.- Firma manuscrita de Gustavo Saenz Diez, 1876
999 _c171187
_d171187